Certified six sigma black belt handbook (Record no. 18214)

MARC details
000 -LEADER
fixed length control field 00570nam a2200193Ia 4500
008 - FIXED-LENGTH DATA ELEMENTS--GENERAL INFORMATION
fixed length control field 220501s2018 xx 000 0 eng d
020 ## - INTERNATIONAL STANDARD BOOK NUMBER
International Standard Book Number 9789352865581
082 ## - DEWEY DECIMAL CLASSIFICATION NUMBER
Classification number 658.4013 KUB-C
100 ## - MAIN ENTRY--PERSONAL NAME
Personal name Kubiak, T. M.
245 #0 - TITLE STATEMENT
Title Certified six sigma black belt handbook
Statement of responsibility, etc T. M. Kubiak and Donald W. Benbow
250 ## - EDITION STATEMENT
Edition statement 3rd
260 ## - PUBLICATION, DISTRIBUTION, ETC. (IMPRINT)
Place of publication, distribution, etc Noida
Name of publisher, distributor, etc Pearson
Date of publication, distribution, etc 2018
300 ## - PHYSICAL DESCRIPTION
Extent / Pages xxxvii, 908p.
650 ## - SUBJECT ADDED ENTRY--TOPICAL TERM
Topical term or geographic name as entry element Quality control - Statistical methods
650 ## - SUBJECT ADDED ENTRY--TOPICAL TERM
Topical term or geographic name as entry element Six sigma - Quality control standard
650 ## - SUBJECT ADDED ENTRY--TOPICAL TERM
Topical term or geographic name as entry element Statistics
700 ## - ADDED ENTRY--PERSONAL NAME
Personal name Benbow, Donald W.
942 ## - ADDED ENTRY ELEMENTS (KOHA)
Source of classification or shelving scheme
Koha item type Reference Books
Holdings
Withdrawn status Lost status Source of classification or shelving scheme Damaged status Not for loan Home library Current library Date acquired Source of acquisition Full call number Barcode Date last seen Copy number Bill Date Koha item type Bill Number
          SOBD Library SOBD Library 26/05/2022 Vedi Books 658.4013 KUB-C1 001520 01/07/2022 1 14/04/2022 Reference Books VEDI/22-23/04/11
          SOBD Library SOBD Library 26/05/2022 Vedi Books 658.4013 KUB-C2 001521 01/07/2022 2 14/04/2022 Books VEDI/22-23/04/11
Hosted, Implemented, Customized & Maintained by: BestBookBuddies

Powered by Koha